000 00896cab a2200301 4500
001 ABS48895
008 090401t1993 xxu||||| |||| 00| 0 eng d
035 _a(Sirsi) u69034
041 _aeng
100 _aRoberts, J.
245 _aCrossRail boost for central London
260 _c1993
350 _a0
490 _aEstates Times
_v(1191) 28 May 1993, 4(1)
520 _aThe proposed CrossRail development will mean that parts of the central London property market are transformed. Provides a synopsis of the central London sites affected by CrossRail.
650 _aBOND STREET
650 _aCROSSRAIL
650 _aDEVELOPMENT
650 _aFARRINGDON
650 _aLIVERPOOL STREET
650 _aLONDON
650 _aPADDINGTON
650 _aRAILWAYS
650 _aTOTTENHAM COURT ROAD
690 _aTRANSPORT AND COMMUNICATIONS
942 _n0
948 _c04/03/1997
999 _c43361
_d43361